Loading...
| Social Science | 1 | 3 | 1 | 1 | 40 | 44 | 111.50 | 3 | 4 | 0.00 | 0.00 |
| Science - Chemistry | 0 | 4 | 0 | 1 | 40 | 113 | 124.75 | 0 | 4 | 0.00 | 0.00 |
| Science - Physics | 0 | 4 | 1 | 0 | 35 | 89 | 113.25 | 2 | 4 | 0.00 | 0.00 |
| Science - Other | 0 | 3 | 1 | 1 | 25 | 72 | 114.67 | 1 | 3 | 0.00 | 0.00 |
| Fine Arts - Other | 0 | 3 | 1 | 0 | 25 | 101 | 129.67 | 2 | 3 | 0.00 | 0.00 |
| Literature - Drama | 0 | 2 | 0 | 0 | 20 | 117 | 127.50 | 0 | 1 | 0.00 | 0.00 |
| Literature - Poetry | 0 | 2 | 0 | 0 | 20 | 103 | 116.50 | 0 | 2 | 0.00 | 0.00 |
| Mythology | 0 | 2 | 0 | 0 | 20 | 117 | 128.50 | 0 | 2 | 0.00 | 0.00 |
| Philosophy | 0 | 1 | 0 | 0 | 10 | 83 | 83.00 | 1 | 1 | 0.00 | 0.00 |
| History - World | 0 | 1 | 1 | 0 | 5 | 96 | 96.00 | 0 | 0 | 0.00 | 0.00 |
| Fine Arts - Classical Music | 0 | 1 | 1 | 0 | 5 | 113 | 113.00 | 0 | 1 | 0.00 | 0.00 |
| Current Events | 0 | 0 | 0 | 0 | 0 | 0.00 | 0 | 0 | 0.00 | 0.00 | |
| Science - Biology | 0 | 1 | 2 | 0 | 0 | 82 | 82.00 | 1 | 1 | 0.00 | 0.00 |
| Science - Math | 0 | 0 | 1 | 0 | -5 | 0.00 | 0 | 0 | 0.00 | 0.00 | |
| Religion | 0 | 0 | 1 | 0 | -5 | 0.00 | 0 | 0 | 0.00 | 0.00 | |
| Other Academic | 0 | 0 | 1 | 0 | -5 | 0.00 | 0 | 0 | 0.00 | 0.00 | |
| Literature - Long Fiction | 0 | 0 | 1 | 0 | -5 | 0.00 | 0 | 0 | 0.00 | 0.00 |